| 000 | 00474cam a2200193ua 4500 | ||
|---|---|---|---|
| 001 | 11397 | ||
| 008 | 190917n ii |||gr||||Z||||||eng | ||
| 020 | _a9789385528897 | ||
| 040 | _cMAIN | ||
| 041 | _aeng | ||
| 082 | _a302.23 | ||
| 100 |
_aPK Gupta, _eAuthor. |
||
| 245 |
_aRole of social media in society transformation _cBy PK Gupta |
||
| 250 | _a1st ed. | ||
| 260 |
_aJaipur: _bYking books, _c2018. |
||
| 300 | _a370p. | ||
| 653 | _aSocial interaction | ||
| 942 | _cBK | ||
| 999 |
_c10239 _d10239 |
||